Statistiche per Riconosci il Capoluogo di Provincia - Italia Centro-Nord

Clicka qui per fare il quiz!

Statistiche generali

  • Questo quiz è stato fatto 28 volte
  • Il punteggio medio è 8 su 17

Statistiche sulle risposte

Risposta% Corretto
Pisa
100%
Firenze
96%
Siena
74%
Ancona
52%
Perugia
52%
Livorno
48%
Lucca
48%
Pistoia
43%
Arezzo
35%
Grosseto
35%
Pesaro
35%
Ascoli Piceno
30%
Fermo
30%
Macerata
30%
Massa
30%
Prato
30%
Terni
30%

Distribuzione punteggi

Percentile per numero di risposta

Percentuale di utenti per punteggio

I tuoi punteggi nel tempo

Non hai fatto questo quiz